LEADER 02628nam 2200649 a 450 001 9910461905903321 005 20200520144314.0 010 $a9786610369751 010 $a1-280-36975-2 010 $a0-7619-6159-3 010 $a1-4462-2987-4 010 $a1-4129-3246-7 035 $a(CKB)2670000000259612 035 $a(EBL)254698 035 $a(OCoLC)70774262 035 $a(SSID)ssj0000186754 035 $a(PQKBManifestationID)11178263 035 $a(PQKBTitleCode)TC0000186754 035 $a(PQKBWorkID)10238262 035 $a(PQKB)11320438 035 $a(MiAaPQ)EBC254698 035 $a(OCoLC)1007858125 035 $a(StDuBDS)EDZ0000067613 035 $a(Au-PeEL)EBL254698 035 $a(CaPaEBR)ebr10080964 035 $a(CaONFJC)MIL36975 035 $a(EXLCZ)992670000000259612 100 $a20120405d2003 fy 0 101 0 $aeng 135 $aur||||||||||| 181 $2rdacontent 182 $2rdamedia 183 $2rdacarrier 200 10$aJustice in the risk society$b[electronic resource] $echallenging and re-affirming justice in late modernity /$fBarbara Hudson 210 $aLondon $cSAGE$dc2003 215 $a1 volume (278 pages); 300 $aDescription based upon print version of record. 311 $a1-4462-1878-3 311 $a0-7619-6160-7 320 $aIncludes bibliographical references (p. [227]-244) and index. 327 $aCover; Contents; Acknowledgements; Introduction; Part I: Challenging Liberal Justice; Chapter 1 - Justice in the Liberal Tradition; Chapter 2 - Risk and the Politics of Asfety: Justice Endangered; Chapter 3 - The Communication Challenge; Chapter 4 - Identity and Difference: Feminist and Postmodernist Critiques of Liberalism; Part II: Reaffirming Justice; Chapter 5 - Reaffirming Modernity: Habermas and Discourse Ethics; Chapter 6 - Giving Difference its Due: Discourse and Alterity; Chapter 7 - Doing Justice in the Risk Society; References; Index 330 8 $aIn 'Justice in the Risk Society', Barbara Hudson outlines traditional liberal perspectives on justice, risk and security as well as addressing some key concerns. 606 $aCriminal justice, Administration of 606 $aJustice 606 $aRisk perception 608 $aElectronic books. 615 0$aCriminal justice, Administration of. 615 0$aJustice. 615 0$aRisk perception. 676 $a364.6 700 $aHudson$b Barbara$f1945-$0948808 801 0$bStDuBDS 801 1$bStDuBDS 906 $aBOOK 912 $a9910461905903321 996 $aJustice in the risk society$92475111 997 $aUNINA LEADER 02050nam 2200457z- 450 001 9910765527903321 005 20231206 010 $a2-84867-985-9 035 $a(PPN)273871552 035 $a(CKB)5840000000413829 035 $a(oapen)doab131599 035 $a(EXLCZ)995840000000413829 100 $a20231129c2023uuuu -u- - 101 0 $aeng 135 $aurmn|---annan 181 $ctxt$2rdacontent 182 $cc$2rdamedia 183 $acr$2rdacarrier 200 00$aLa bourgeoisie rurale dans le vignoble du Jura au xixe siècle 210 $aBesançon$cPresses universitaires de Franche-Comté$d2023 215 $a1 online resource (380 p.) 225 1 $aAnnales littéraires 311 08$a2-84867-977-8 330 $aThe nineteenth century Bourgeoisie in the rural French Jura were not what you might expect. In sometimes delicate, sometimes down-to-earth language, they candidly discuss the running of the vineyards, the sex lives of the housemaids, their sensitivity to smells, their concerns about money or their relations with the neighbours in the farm or chateau next door. Men and women both escape from received gender roles, often far from traditional standards. Refusing to face the upheavals of the nineteenth century, they remain attached to an immutable past thus putting themselves in danger. Drawing from private correspondence, the author reveals its microhistory. 606 $ac 1500 onwards to present day$2bicssc 606 $aEuropean history$2bicssc 606 $aHistory and Archaeology$2bicssc 606 $aSocial and cultural history$2bicssc 610 $acorrespondances 610 $agenre 610 $ahistoire sociale 610 $amicrohistoire 610 $aruralité 615 7$ac 1500 onwards to present day 615 7$aEuropean history 615 7$aHistory and Archaeology 615 7$aSocial and cultural history 906 $aBOOK 912 $a9910765527903321 996 $aLa bourgeoisie rurale dans le vignoble du Jura au xixe siècle$94424488 997 $aUNINA